Исследование и разработка нелинейных систем виброзащиты тяжелых машин с использованием элементов, выполненных из стальных канатов и сыпучих материалов: автореферат диссертации на соискание ученой степени кандидата технических наук; спец. 01.02.06

Detalhes bibliográficos
Autor principal: Рудаченко А. В. Александр Валентинович
Autor Corporativo: Томский политехнический институт
Outros Autores: Горбунов В. Ф. Валерий Федорович (научный руководитель)
Idioma:russo
Publicado em: Томск, [Б. и.], 1979
Assuntos:
Formato: MixedMaterials Livro
KOHA link:https://koha.lib.tpu.ru/cgi-bin/koha/opac-detail.pl?biblionumber=368785

MARC

LEADER 00000nam0a2200000 4500
001 368785
005 20231102012122.0
035 |a (RuTPU)RU\TPU\retro\26167 
035 |a RU\TPU\book\83951 
090 |a 368785 
100 |a 20220420d1979 k y0rusy50 ca 
101 0 |a rus 
102 |a RU 
105 |a a dm 001zy 
200 1 |a Исследование и разработка нелинейных систем виброзащиты тяжелых машин с использованием элементов, выполненных из стальных канатов и сыпучих материалов  |e автореферат диссертации на соискание ученой степени кандидата технических наук  |e спец. 01.02.06  |f А. В. Рудаченко  |g Томский политехнический институт; науч. рук. В. Ф. Горбунов 
210 |a Томск  |c [Б. и.]  |d 1979 
215 |a 19 с.  |c ил. 
320 |a Библиогр.: с. 18-19 (14 назв.) 
606 1 |a Машины  |x Виброзащита  |2 stltpush  |3 (RuTPU)RU\TPU\subj\41697  |9 61483 
610 1 |a тяжелые машины 
610 1 |a нелинейные системы 
610 1 |a виброударные нагрузки 
610 1 |a исследования 
610 1 |a снижение 
610 1 |a рабочие элементы 
610 1 |a упруго-демпфирующие характеристики 
610 1 |a пассивные элементы 
610 1 |a конструкции 
610 1 |a авторефераты диссертаций 
610 1 |a труды учёных ТПУ 
675 |a 62-752(04)  |v 4 
686 |a 01.02.06  |2 oksvnk 
700 1 |a Рудаченко  |b А. В.  |c специалист в области нефтегазового дела  |c доцент Томского политехнического университета, кандидат технических наук  |f 1949-  |g Александр Валентинович  |2 stltpush  |3 (RuTPU)RU\TPU\pers\26135 
702 1 |a Горбунов  |b В. Ф.  |c российский ученый, специалист в области горной механики  |c профессор Томского политехнического университета  |f 1926-  |g Валерий Федорович  |2 stltpush  |3 (RuTPU)RU\TPU\pers\19777  |4 727 
712 0 2 |a Томский политехнический институт  |2 stltpush  |3 (RuTPU)RU\TPU\col\1123 
801 1 |a RU  |b 63413507  |c 20050616  |g PSBO 
801 2 |a RU  |b 63413507  |c 20220420  |g PSBO 
942 |c BK